| 000 | 00818nam a2200229 i 4500 | ||
|---|---|---|---|
| 001 | 141140 | ||
| 003 | ES-MaACL | ||
| 005 | 20250809024230.0 | ||
| 007 | t| | ||
| 008 | 070919s1981 sp ||||1| spa d | ||
| 020 | _a84-00-04911-X | ||
| 080 | _a172.4(035.3)"15" | ||
| 080 | _a355.01(035.3)"15" | ||
| 100 | 1 |
_aVitoria, Francisco de. _9115517 |
|
| 245 | 1 | 0 |
_aRelectio de iure belli o Paz dinámica _b: escuela española de la Paz, primera generación 1526-1560 / _cFrancisco de Vitoria ; [bajo la dirección de] L. Pereña... [et al.]. |
| 260 |
_aMadrid : _bConsejo Superior de Investigaciones Científicas, _c1981. |
||
| 300 |
_a408 p. ; _c21 cm. |
||
| 650 | 1 | 7 |
_aDerecho internacional _2embne _911717 |
| 700 | 1 |
_aPereña, Luciano. _990516 |
|
| 852 |
_aES-MaACL _jL-1646 _bR.102509 |
||
| 999 |
_c141140 _d141140 |
||